000
00290nam a2200121Ia 4500
008
190216s9999||||xx |||||||||||||| ||und||
100
_a
Anna Claybourne
245
0
_a
Computer Dictionary For Beginners
260
_b
Frank Bros & Co
_c
1989
300
_a
64p
650
_a
Computer
942
_c
BK
999
_c
8584
_d
8584